1618 1426 1718 1648 1328 1315 1573 1631 1658 1278 1509 1326 1424 1713 1595 1043 1109 1144 1540 1666 1126 1063 1661 1196 1091 1955 1850 1846 1118 1388 1841 1927 1903 1777 1864 1310 1424 1690 1067 1404 1362 1760 1640 1485 1163 1472 1305 1954 1471 1650 1172 1324 1332 1682 1901 1558 1445 1474 1923 1844 1833 1088 1716 1345 1772 1521 1955 1541 1860 1686 1309 1023 1561 1840 1457 1569 2000 1427 1700 1902 1767 1416 1267 1008 1179 1887 1938 1244 1407 1983 1768 1153 1209 1483 1351 1381 1807 1840 1754 BCNSPRNW ULIB Ver.6.0+V

เปลี่ยนเป็นภาษาไทย

Change to English
 แสดงรายละเอียดบรรณานุกรม
  กลับหน้าหลัก

Brief Record : Get Marc (ISO 2709) : E-mail record : QR code < ปิดหน้าต่าง
LEADER : 00000nam 2200000uu 4500
001    13399123706
003     ULIB
008    141116s2549||||th 000 0 tha d
020    9789747074888
099    นว.^bว282ว
100 0  วนวรรณ
245 00 วันที่รอคอย^cวนวรรณ
260    กรุงเทพฯ:^bสำนักพิมพ์อรุณ,^c2549
945    ^p425^l0^i018789
999    ^aเกษร โพธิ์สุวรรณ
รายการนี้ยังไม่มีแท็ก
คุณยังไม่ได้ล็อกอิน คุณสามารถมีกิจกรรมร่วมกับเว็บไซต์ได้ แต่ต้องล็อกอินก่อน ::
  ล็อกอิน

รายการสื่อสารสนเทศ

ลำดับที่ ประเภท เลขเรียก/บาร์โค้ด สถานที่ สถานะ
1. นวนิยาย
นวนิยาย
นว. ว282ว ฉ.1 
  Barcode: 018789
ห้องสมุดวิทยาเขตนครสวรรค์
►นวนิยาย:l:Fiction
บนชั้น

รายการใกล้เคียง
    ผู้แต่ง [วนวรรณ]

BibComment


ยังไม่เคยถูกคอมเมนท์

คอมเมนท์ทรัพยากรรายการนี้
  คอมเมนท์: วันที่รอคอย วนวรรณ


 Copyright 2026. Bcnsprnw @Library